[Event "We celebrate our 86th anniversary, and 51 years with the same venue."]
[Site "Øbro skakforening"]
[Date "2022.09.08"]
[Round "9.9"]
[White "Vesterli, Michael"]
[Black "Rostgaard, Tobias Valentin"]
[Result "1/2-1/2"]
[BlackElo "2332"]
[WhiteElo "2244"]
[LiveChessVersion "1.4.6"]

1. d4 {[%clk 1:30:55]} Nf6 {[%clk 1:30:53]} 2. c4 {[%clk 1:31:19]} e6
{[%clk 1:30:51]} 3. Nf3 {[%clk 1:31:16]} d5 {[%clk 1:31:14]} 4. Nc3
{[%clk 1:31:13]} c5 {[%clk 1:31:39]} 5. cxd5 {[%clk 1:31:31]} Nxd5
{[%clk 1:31:59]} 6. e4 {[%clk 1:31:05]} Nxc3 {[%clk 1:32:24]} 7. bxc3
{[%clk 1:31:30]} cxd4 {[%clk 1:32:48]} 8. cxd4 {[%clk 1:31:54]} Bb4+
{[%clk 1:33:13]} 9. Bd2 {[%clk 1:32:17]} Bxd2+ {[%clk 1:33:39]} 10. Qxd2
{[%clk 1:32:40]} O-O {[%clk 1:34:03]} 11. Bc4 {[%clk 1:32:22]} b6
{[%clk 1:34:28]} 12. O-O {[%clk 1:32:23]} Nd7 {[%clk 1:34:45]} 13. Qe3
{[%clk 1:30:21]} Bb7 {[%clk 1:35:10]} 14. Rfc1 {[%clk 1:29:39]} Rc8
{[%clk 1:34:31]} 15. Nd2 {[%clk 1:27:06]} Qe7 {[%clk 1:28:31]} 16. a4
{[%clk 1:25:50]} Rc7 {[%clk 1:06:19]} 17. Bf1 {[%clk 1:24:45]} Nf6
{[%clk 1:06:22]} 18. f3 {[%clk 1:11:10]} Rfc8 {[%clk 1:00:40]} 19. Rxc7
{[%clk 1:10:33]} Qxc7 {[%clk 1:00:03]} 20. a5 {[%clk 1:09:59]} h6
{[%clk 0:58:32]} 21. axb6 {[%clk 1:04:10]} axb6 {[%clk 0:58:16]} 22. Rb1
{[%clk 1:03:33]} Ra8 {[%clk 0:45:58]} 23. Nc4 {[%clk 1:01:24]} Nd7
{[%clk 0:37:06]} 24. e5 {[%clk 0:59:16]} Ba6 {[%clk 0:27:45]} 25. Ra1
{[%clk 0:55:19]} Qc6 {[%clk 0:26:36]} 26. Nd6 {[%clk 0:51:37]} Bxf1
{[%clk 0:26:41]} 27. Rxa8+ {[%clk 0:51:12]} Qxa8 {[%clk 0:27:05]} 28. Kxf1
{[%clk 0:51:38]} Qa1+ {[%clk 0:23:36]} 29. Kf2 {[%clk 0:52:01]} f6
{[%clk 0:20:44]} 30. f4 {[%clk 0:48:41]} Qb2+ {[%clk 0:19:08]} 31. Kg3
{[%clk 0:48:49]} fxe5 {[%clk 0:17:57]} 32. dxe5 {[%clk 0:49:06]} b5
{[%clk 0:15:30]} 33. Qd3 {[%clk 0:44:06]} b4 {[%clk 0:09:53]} 34. Qg6
{[%clk 0:44:20]} Qb3+ {[%clk 0:04:08]} 35. Kh4 {[%clk 0:44:16]} Nxe5
{[%clk 0:00:43]} 36. fxe5 {[%clk 0:44:21]} Qd5 {[%clk 0:01:01]} 37. Qe4
{[%clk 0:40:06]} b3 {[%clk 0:01:13]} 38. Qe2 {[%clk 0:37:43]} Qd4+
{[%clk 0:01:20]} 39. Qe4 {[%clk 0:32:33]} Qf2+ {[%clk 0:01:24]} 40. Kh3
{[%clk 0:28:18]} Qc2 {[%clk 0:01:14]} 41. Qa8+ {[%clk 0:20:59]} Kh7
{[%clk 0:01:25]} 42. Qe4+ {[%clk 0:21:20]} Kg8 {[%clk 0:11:12]} 43. Qa8+
{[%clk 0:36:38]} 1/2-1/2